| 000 | 00416cam a2200169 4500 | ||
|---|---|---|---|
| 001 | D12955 | ||
| 008 | 090401t1920 xxu||||| |||| 00| 0 eng d | ||
| 035 | _a(Sirsi) u6833 | ||
| 041 | _aeng | ||
| 100 | _aHiggins, A.L. | ||
| 245 | 4 | _aThe field manual: a practical treatise of surveying methods and operations | |
| 260 |
_bPitman _c1920 |
||
| 350 | _a0 | ||
| 520 | _aShelf 182 | ||
| 942 | _n0 | ||
| 948 | _c04/03/1997 | ||
| 999 |
_c86356 _d86356 |
||